Lousiana cities with over 100,000 People - Statistics

General Stats
  • This quiz has been taken 62 times
  • The average score is 4 of 5
Answer Stats
Population Answer % Correct
221,453 Baton Rouge
100%
369,749 New Orleans
100%
180,153 Shreveport
89%
121,389 Lafayette
76%
140,590 Metairie
35%
No matching quizzes found
Score Distribution
Percent of People with Each Score
Percentile by Number Answered
Your Score History
You have not taken this quiz